[Event "Toronto op"]
[Site "Toronto CAN"]
[Date "2023.09.02"]
[Round "2"]
[White "Chen, Max"]
[Black "Yang, Lefan"]
[Result "0-1"]
[WhiteElo "2176"]
[BlackElo "1879"]
[PlyCount "66"]
[EventDate "2023.09.02"]
[EventType "swiss"]
[EventRounds "6"]
[EventCountry "CAN"]

1. e4 c5 2. Nf3 Nc6 3. Bb5 e5 4. O-O Bd6 5. a4 Nf6 6. Nc3 O-O 7. d3 h6 8. Bc4
Bb8 9. g3 Ne7 10. Nh4 d5 11. exd5 Bg4 12. Qe1 Bh3 13. Ng2 Bc7 14. Ne4 Nf5 15.
Qd1 Nxd5 16. Nxc5 Nf6 17. Ne4 Ng4 18. Re1 Bb6 19. Ne3 Nfxe3 20. fxe3 Kh7 21.
Nc3 f5 22. Qf3 e4 23. Qe2 f4 24. gxf4 Rxf4 25. Nxe4 Rxe4 26. Qf3 Rxc4 27. dxc4
Qh4 28. Qg3 Qxg3+ 29. hxg3 Rf8 30. a5 Rf2 31. Rd1 Rg2+ 32. Kf1 Nh2+ 33. Ke1
Nf3+ 0-1

[Event "Toronto op"]
[Site "Toronto CAN"]
[Date "2023.09.02"]
[Round "2"]
[White "Gusev, Nikita"]
[Black "Sambuev, Bator"]
[Result "0-1"]
[WhiteElo "2237"]
[BlackElo "2480"]
[PlyCount "158"]
[EventDate "2023.09.02"]
[EventType "swiss"]
[EventRounds "6"]
[EventCountry "CAN"]

1. d4 Nf6 2. c4 e6 3. Nc3 Bb4 4. a3 Bxc3+ 5. bxc3 c5 6. f3 Nc6 7. e4 d6 8. Be3
b6 9. Bd3 Qd7 10. Nh3 Ba6 11. Qe2 e5 12. d5 Na5 13. a4 h6 14. Nf2 O-O-O 15. Kd1
Rde8 16. g4 h5 17. Kc2 Ng8 18. Kb2 Ne7 19. Ka3 hxg4 20. fxg4 Ng6 21. Raf1 Kc7
22. Nd1 Rh3 23. Nb2 Reh8 24. Rf3 f6 25. Qg2 R3h7 26. Rf2 Qe7 27. h3 Nf4 28.
Bxf4 exf4 29. Qf1 Qe5 30. Nd1 g5 31. Rf3 Rh4 32. Kb2 Qe8 33. Ka3 Bc8 34. Nf2
Bd7 35. Qd1 Qc8 36. Re1 Qa6 37. Qe2 Nb7 38. Qc2 Nd8 39. Bf1 Nf7 40. Nd3 Re8 41.
Qb3 Rhh8 42. Rf2 Re7 43. Bg2 Rhe8 44. Ra1 Rxe4 45. Bxe4 Rxe4 46. Re1 Rxe1 47.
Nxe1 Ne5 48. Kb2 Nxc4+ 49. Kc1 Ne5 50. a5 b5 51. Ra2 Qb7 52. a6 Qb6 53. Qc2 c4
54. Qf2 Qxf2 55. Rxf2 Kb6 56. Ra2 Kc5 57. Nc2 Nd3+ 58. Kd2 Nf2 59. Nb4 Nxh3 60.
Ra1 f3 61. Nc6 Kb6 62. Nd4 Bxg4 63. Rb1 Bd7 64. Nxf3 Nf4 65. Nd4 Nxd5 66. Rf1
Kxa6 67. Nf5 Kb6 68. Nxd6 g4 69. Nf5 a5 70. Ne3 Nxe3 71. Rxf6+ Bc6 72. Kxe3 g3
73. Rf1 g2 74. Rb1 Kc5 75. Ra1 a4 76. Rb1 a3 77. Kf2 Be4 78. Re1 a2 79. Ra1 Bb1
0-1

[Event "Toronto op"]
[Site "Toronto CAN"]
[Date "2023.09.02"]
[Round "2"]
[White "Huang, Youhe"]
[Black "Calugar, Arthur"]
[Result "0-1"]
[WhiteElo "2083"]
[BlackElo "2263"]
[PlyCount "124"]
[EventDate "2023.09.02"]
[EventType "swiss"]
[EventRounds "6"]
[EventCountry "CAN"]

1. e4 c5 2. Nc3 Nc6 3. Bb5 Nd4 4. Nf3 e6 5. Ba4 a6 6. Nxd4 cxd4 7. Ne2 Nf6 8.
d3 Qa5+ 9. c3 dxc3 10. bxc3 b5 11. Bc2 b4 12. Bd2 bxc3 13. Bxc3 Qc7 14. Qd2 Bb7
15. Ba5 Qc6 16. O-O Ba3 17. Rab1 O-O 18. Rb6 Qc8 19. Rfb1 Bc6 20. Qc3 Bd6 21.
Nd4 Be5 22. Qc5 Bxd4 23. Qxd4 Bxe4 24. Bc3 Bd5 25. Bb3 Bxb3 26. R1xb3 Re8 27.
Qe5 h6 28. R3b4 Kh7 29. g4 Rg8 30. Rc4 Qd8 31. Rb7 Rc8 32. Rxc8 Qxc8 33. Rb4 d6
34. Qe1 Nd5 35. Rc4 Qb7 36. Qe4+ Kh8 37. Kg2 Nf4+ 38. Kg3 Nd5 39. Qf3 Qe7 40.
Bd2 Rb8 41. h4 Qd7 42. g5 hxg5 43. hxg5 Kg8 44. Rh4 Ne7 45. Rh3 e5 46. Qh1 Ng6
47. Qd5 Re8 48. Rh5 Rd8 49. Rh1 Qf5 50. Qe4 Qe6 51. Qb7 Qxa2 52. Qc7 Rf8 53.
Bb4 Qd5 54. f3 Qxd3 55. Qxd6 Qf5 56. Qd2 Rc8 57. Re1 Nf4 58. Be7 Re8 59. Rh1
Ne6 60. Ba3 Nxg5 61. Qe3 e4 62. f4 Rd8 0-1

[Event "Toronto op"]
[Site "Toronto CAN"]
[Date "2023.09.02"]
[Round "2"]
[White "Zhao, Jeffrey R"]
[Black "Jaferian, Koosha"]
[Result "0-1"]
[WhiteElo "1909"]
[BlackElo "2231"]
[PlyCount "58"]
[EventDate "2023.09.02"]
[EventType "swiss"]
[EventRounds "6"]
[EventCountry "CAN"]

1. e4 c6 2. d4 d5 3. exd5 cxd5 4. c4 Nf6 5. Nc3 Nc6 6. Bg5 dxc4 7. Bxc4 h6 8.
Bh4 Qxd4 9. Qxd4 Nxd4 10. O-O-O g5 11. Rxd4 gxh4 12. Nb5 e5 13. Rd2 Bb4 14. Re2
O-O 15. Rxe5 Bd7 16. Bd3 Bc6 17. Nf3 Ng4 18. Re2 Rfd8 19. Bc4 Rac8 20. Kb1 h3
21. Rg1 hxg2 22. Ne5 Nxe5 23. Rxe5 Bd6 24. Nxd6 Rxd6 25. Be2 Rg6 26. Bd3 Rg5
27. Re3 Rd8 28. Kc2 Rd4 29. Rg3 Rh4 0-1

[Event "Toronto op"]
[Site "Toronto CAN"]
[Date "2023.09.03"]
[Round "3"]
[White "Calugar, Arthur"]
[Black "Singh, Mahip"]
[Result "1-0"]
[WhiteElo "2263"]
[BlackElo "1850"]
[PlyCount "58"]
[EventDate "2023.09.02"]
[EventType "swiss"]
[EventRounds "6"]
[EventCountry "CAN"]

1. Nf3 d5 2. b3 c5 3. e3 f6 4. d4 cxd4 5. exd4 Nc6 6. Bb2 Bg4 7. h3 Bh5 8. Be2
e6 9. O-O Bd6 10. Re1 Nge7 11. c4 Bf7 12. Nc3 O-O 13. a3 Ng6 14. b4 dxc4 15.
Bxc4 e5 16. Bxf7+ Rxf7 17. Ne4 Rd7 18. Qb3+ Kh8 19. Nxd6 Rxd6 20. dxe5 Rd3 21.
Qc4 Rxf3 22. gxf3 Ncxe5 23. Qe4 f5 24. Qe3 f4 25. Qe4 Nh4 26. Bxe5 Qg5+ 27. Kf1
Re8 28. Bxg7+ Kxg7 29. Qxb7+ Kh6 1-0

[Event "Toronto op"]
[Site "Toronto CAN"]
[Date "2023.09.03"]
[Round "3"]
[White "Dukic, Zachary"]
[Black "Chen, Max"]
[Result "1-0"]
[WhiteElo "2198"]
[BlackElo "2176"]
[PlyCount "75"]
[EventDate "2023.09.02"]
[EventType "swiss"]
[EventRounds "6"]
[EventCountry "CAN"]

1. e4 c6 2. d4 d5 3. e5 Bf5 4. h4 h5 5. c4 e6 6. Nc3 Be7 7. cxd5 cxd5 8. Bd3
Bxd3 9. Qxd3 Nc6 10. Nf3 Nh6 11. Bxh6 Rxh6 12. g3 Qb6 13. O-O O-O-O 14. Rfc1 a6
15. Na4 Qb5 16. Qd1 Kb8 17. Nc5 Rg6 18. b4 Rg4 19. Rab1 Bxc5 20. bxc5 Qa5 21.
Rb6 Rd7 22. Rcb1 Rc7 23. Qb3 Nd8 24. c6 g5 25. hxg5 h4 26. Kg2 hxg3 27. fxg3
Re4 28. Rb2 Rg4 29. Kh2 Re4 30. Kh3 Kc8 31. cxb7+ Kb8 32. Rd6 Nc6 33. a4 Re1
34. Nxe1 Qxe1 35. Qd3 Nb4 36. Rxb4 Qxb4 37. Qxa6 Qxb7 38. Rb6 1-0

[Event "Toronto op"]
[Site "Toronto CAN"]
[Date "2023.09.03"]
[Round "3"]
[White "Findlay, Ian"]
[Black "Rusonik, Max"]
[Result "1/2-1/2"]
[WhiteElo "2123"]
[BlackElo "2232"]
[PlyCount "70"]
[EventDate "2023.09.02"]
[EventType "swiss"]
[EventRounds "6"]
[EventCountry "CAN"]

1. e4 c5 2. Nf3 d6 3. d4 cxd4 4. Nxd4 Nf6 5. Nc3 a6 6. Be2 e5 7. Nb3 Be7 8. O-O
O-O 9. Qd3 Nbd7 10. Bd2 b6 11. Nd5 Nxd5 12. Qxd5 Ra7 13. c4 a5 14. f3 Bb7 15.
Qd3 a4 16. Nc1 Nc5 17. Qc2 Ne6 18. Nd3 Nd4 19. Qd1 Bg5 20. Nb4 g6 21. Nc2 Ne6
22. Qe1 f5 23. exf5 gxf5 24. Rd1 Bh4 25. g3 Be7 26. Bc3 Qc7 27. Ne3 Nc5 28. Nd5
Bxd5 29. Rxd5 Qc8 30. f4 e4 31. Qd2 Qe6 32. Qe3 Bf6 33. Rfd1 Rd7 34. Bxf6 Qxf6
35. Qd4 Qxd4+ 1/2-1/2

[Event "Toronto op"]
[Site "Toronto CAN"]
[Date "2023.09.03"]
[Round "3"]
[White "Kang, Dorian"]
[Black "Gusev, Nikita"]
[Result "1-0"]
[WhiteElo "2059"]
[BlackElo "2237"]
[PlyCount "121"]
[EventDate "2023.09.02"]
[EventType "swiss"]
[EventRounds "6"]
[EventCountry "CAN"]

1. e4 c6 2. d4 d5 3. exd5 cxd5 4. Bd3 Nf6 5. c3 Bg4 6. Qb3 Qc7 7. Ne2 Nc6 8.
Bf4 Qd7 9. Ng3 e6 10. Be5 Nh5 11. f3 Nxg3 12. hxg3 Bf5 13. Bxf5 exf5 14. Nd2 f6
15. Bf4 Na5 16. Qc2 Qe6+ 17. Kf2 Kf7 18. Qa4 b6 19. Rae1 Qc6 20. Qxc6 Nxc6 21.
Nf1 Rd8 22. Bc1 Bd6 23. f4 h5 24. Ne3 Ne7 25. Kf3 Rc8 26. Bd2 g6 27. Rc1 b5 28.
Ra1 Rb8 29. b3 Rhc8 30. Rhb1 Rb7 31. a4 b4 32. c4 Nc6 33. Nc2 dxc4 34. bxc4 a5
35. c5 Bb8 36. Be3 Ne7 37. Na3 Nd5 38. Nc4 Re7 39. Rb3 Bc7 40. Rd3 Rce8 41. Rc1
Kg7 42. Bd2 Re6 43. Ne3 Rd8 44. Nxd5 Rxd5 45. Re3 Kf7 46. Rce1 Rxe3+ 47. Kxe3
g5 48. Kd3 h4 49. gxh4 gxf4 50. Kc4 Rd8 51. d5 Be5 52. d6 Rb8 53. Kd5 b3 54. c6
Rd8 55. d7 Bc7 56. Bc1 Rb8 57. Ba3 b2 58. Bd6 Bxd6 59. Kxd6 b1=Q 60. Rxb1 Rxb1
61. d8=Q 1-0

[Event "Toronto op"]
[Site "Toronto CAN"]
[Date "2023.09.03"]
[Round "4"]
[White "Huang, Youhe"]
[Black "Findlay, Ian"]
[Result "0-1"]
[WhiteElo "2083"]
[BlackElo "2123"]
[PlyCount "94"]
[EventDate "2023.09.02"]
[EventType "swiss"]
[EventRounds "6"]
[EventCountry "CAN"]

1. e4 c5 2. Nc3 Nc6 3. Bb5 Nd4 4. Nf3 a6 5. Bd3 e6 6. Nxd4 cxd4 7. Ne2 Bc5 8.
b4 Bxb4 9. Nxd4 Ne7 10. O-O Ng6 11. Re1 Qf6 12. c3 Bc5 13. Nf3 O-O 14. e5 Qd8
15. Bc2 d5 16. d4 Be7 17. g3 Bd7 18. h4 f6 19. h5 Nh8 20. exf6 Bxf6 21. Rb1 b5
22. Qd3 g6 23. Kg2 Rc8 24. Rh1 Be8 25. Bf4 Qe7 26. Rbe1 Rf7 27. Ne5 Bxe5 28.
Bxe5 gxh5 29. f4 Qa3 30. Re3 Re7 31. Bf6 Rec7 32. Rxe6 Bg6 33. Qe2 Bxc2 34.
Re8+ Rxe8 35. Qxe8+ Qf8 36. Qxf8+ Kxf8 37. Rxh5 Be4+ 38. Kh3 Nf7 39. f5 Rxc3
40. Kh4 h6 41. Be5 Rc2 42. g4 Rxa2 43. Kg3 Rg2+ 44. Kf4 Rf2+ 45. Ke3 Rf3+ 46.
Kd2 b4 47. Rh1 Rf2+ 0-1

[Event "Toronto op"]
[Site "Toronto CAN"]
[Date "2023.09.03"]
[Round "4"]
[White "Singh, Mahip"]
[Black "Li, William"]
[Result "1-0"]
[WhiteElo "1850"]
[BlackElo "2130"]
[PlyCount "99"]
[EventDate "2023.09.02"]
[EventType "swiss"]
[EventRounds "6"]
[EventCountry "CAN"]

1. c4 c5 2. Nc3 Nc6 3. Nf3 g6 4. e3 Nf6 5. d4 cxd4 6. exd4 d5 7. cxd5 Nxd5 8.
Qb3 e6 9. Bb5 a6 10. Bxc6+ bxc6 11. Bg5 Be7 12. Bxe7 Qxe7 13. Ne5 O-O 14. O-O
Nxc3 15. Qxc3 Bb7 16. b4 Rfd8 17. Rab1 Rd5 18. Rfd1 Rad8 19. Rd2 Qg5 20. Nf3
Qf5 21. Rbd1 a5 22. a3 axb4 23. axb4 Qg4 24. h3 Qf4 25. Qe3 Qxe3 26. fxe3 Rb5
27. Rb1 Rb8 28. Ne5 Rd8 29. Rf2 f5 30. h4 Rdd5 31. Nd3 e5 32. Nxe5 c5 33. Nf3
Rxb4 34. Rfb2 Rxb2 35. Rxb2 Ba6 36. Rb6 Be2 37. Rb8+ Kg7 38. Rb7+ Kg8 39. Rb8+
Kg7 40. Ng5 cxd4 41. Ne6+ Kf6 42. Nf4 Rc5 43. Rb6+ Kf7 44. exd4 Rc2 45. Rb7+
Kg8 46. d5 Ba6 47. Ra7 Bb5 48. Ne6 Rd2 49. Rg7+ Kh8 50. Rb7 1-0

[Event "Toronto op"]
[Site "Toronto CAN"]
[Date "2023.09.03"]
[Round "4"]
[White "Zhu, Matthew"]
[Black "Jaferian, Koosha"]
[Result "1/2-1/2"]
[WhiteElo "1982"]
[BlackElo "2231"]
[PlyCount "63"]
[EventDate "2023.09.02"]
[EventType "swiss"]
[EventRounds "6"]
[EventCountry "CAN"]

1. e4 c6 2. d4 d5 3. Nd2 dxe4 4. Nxe4 Bf5 5. Ng3 Bg6 6. h4 h6 7. Nf3 e6 8. h5
Bh7 9. Bd3 Bxd3 10. Qxd3 Nf6 11. Ne4 Nbd7 12. Bd2 Be7 13. O-O-O O-O 14. Kb1 c5
15. g4 Nxg4 16. Qe2 Qb6 17. Ne5 Ndxe5 18. dxe5 f5 19. exf6 Nxf6 20. Rdg1 Nxe4
21. Qxe4 Bf6 22. b3 c4 23. Bxh6 cxb3 24. axb3 Rf7 25. Be3 Qa5 26. Bd4 Qb4 27.
Rxg7+ Bxg7 28. Rg1 Rd8 29. Rxg7+ Rxg7 30. Qxe6+ Kh7 31. Qf5+ Kg8 32. Qe6+
1/2-1/2

[Event "Toronto op"]
[Site "Toronto CAN"]
[Date "2023.09.04"]
[Round "5"]
[White "Dukic, Zachary"]
[Black "Rusonik, Max"]
[Result "1/2-1/2"]
[WhiteElo "2198"]
[BlackElo "2232"]
[PlyCount "143"]
[EventDate "2023.09.02"]
[EventType "swiss"]
[EventRounds "6"]
[EventCountry "CAN"]

1. e4 e5 2. Nf3 Nc6 3. Bb5 a6 4. Ba4 Nf6 5. O-O Be7 6. d3 b5 7. Bb3 d6 8. a3
Na5 9. Ba2 c5 10. Nc3 Be6 11. Bg5 O-O 12. Bxf6 Bxf6 13. Nd5 g6 14. b4 Nc6 15.
c3 Bg7 16. Qe2 Rc8 17. a4 Ne7 18. axb5 axb5 19. Nd2 cxb4 20. cxb4 Nc6 21. Rab1
Bh6 22. Nf3 Bg4 23. Bb3 Nd4 24. Nxd4 Bxe2 25. Nxe2 Kg7 26. Nec3 Qe8 27. Rfd1
Qc6 28. Ne2 Ra8 29. f4 exf4 30. Rdc1 Qd7 31. Rc7 Qg4 32. Nd4 Rac8 33. Rb7 Kh8
34. Bd1 Qh4 35. Nf3 Qd8 36. Rxb5 Bg7 37. Rb7 Rb8 38. Rc7 Rb5 39. Rbc1 Qa8 40.
Bb3 Qa3 41. Rb1 Rfb8 42. Ng5 Bd4+ 43. Kh1 Rxb4 44. Nxf7+ Kg7 45. Ng5+ Kh6 46.
Nf7+ Kh5 47. Nxf4+ Kg4 48. Rf1 Bf2 49. g3 Kf3 50. Bd1+ Ke3 51. Nd5+ Kxd3 52.
Rc3+ Qxc3 53. Nxc3 Kxc3 54. Rxf2 Rb1 55. Rf1 Kd2 56. Nxd6 Rxd1 57. Rxd1+ Kxd1
58. Kg2 Rb2+ 59. Kf3 Re2 60. Nc4 Rxh2 61. e5 Re2 62. Kf4 Kc2 63. Ne3+ Kd3 64.
Ng4 Kd4 65. Kg5 Re4 66. Nf6 Rxe5+ 67. Kh6 g5 68. Nxh7 Re3 69. g4 Rh3+ 70. Kg6
Ke5 71. Nxg5 Rg3 72. Nf7+ 1/2-1/2

[Event "Toronto op"]
[Site "Toronto CAN"]
[Date "2023.09.04"]
[Round "5"]
[White "Jaferian, Koosha"]
[Black "Zomorrodian, Eilia"]
[Result "1/2-1/2"]
[WhiteElo "2231"]
[BlackElo "2109"]
[PlyCount "52"]
[EventDate "2023.09.02"]
[EventType "swiss"]
[EventRounds "6"]
[EventCountry "CAN"]

1. e4 d5 2. exd5 Nf6 3. Bb5+ Bd7 4. Bc4 Bg4 5. f3 Bf5 6. Nc3 Nbd7 7. g4 Nb6 8.
d3 Bc8 9. Bd2 Nfxd5 10. Nxd5 Nxd5 11. Qe2 e6 12. O-O-O Be7 13. f4 Qd6 14. Qf2
b6 15. Ne2 Bb7 16. Rhf1 O-O-O 17. Ng3 Qd7 18. f5 Bh4 19. fxe6 Qxe6 20. Qf5 Bxg3
21. hxg3 Qxf5 22. gxf5 Rde8 23. Rde1 Kd7 24. Kd1 Rxe1+ 25. Rxe1 Re8 26. Rxe8
Kxe8 1/2-1/2

[Event "Toronto op"]
[Site "Toronto CAN"]
[Date "2023.09.04"]
[Round "5"]
[White "Kang, Dorian"]
[Black "Yang, Lefan"]
[Result "1/2-1/2"]
[WhiteElo "2059"]
[BlackElo "1879"]
[PlyCount "134"]
[EventDate "2023.09.02"]
[EventType "swiss"]
[EventRounds "6"]
[EventCountry "CAN"]

1. c4 e6 2. g3 d5 3. Bg2 Nf6 4. Nf3 c6 5. d4 Nbd7 6. Qc2 Bd6 7. O-O Ne4 8. Nc3
f5 9. Bf4 Qe7 10. Bxd6 Qxd6 11. Nd2 O-O 12. f3 Nxd2 13. Qxd2 dxc4 14. e4 e5 15.
Rad1 Nb6 16. dxe5 Qxe5 17. Qe3 f4 18. gxf4 Qxf4 19. Qc5 Be6 20. Rd6 Rf6 21. Ne2
Qh4 22. Rfd1 Nd7 23. Qd4 Rh6 24. Rxe6 Qxh2+ 25. Kf1 Rxe6 26. Qxd7 Rg6 27. Qh3
Qe5 28. Rd2 Qa5 29. Nc3 Qg5 30. Qd7 Rf8 31. Rf2 Rd8 32. f4 Rxd7 33. fxg5 Rf7
34. Bf3 Rxg5 35. Ke2 Rg3 36. Nd1 Rg5 37. Ne3 Ra5 38. a3 c3 39. bxc3 Rxa3 40.
Kd3 Rd7+ 41. Kc4 b5+ 42. Kb4 Ra4+ 43. Kb3 g6 44. Ng4 Kg7 45. Ne5 Rc7 46. Rd2 c5
47. c4 Rb4+ 48. Kc3 bxc4 49. Nxc4 a5 50. Nxa5 Ra7 51. Nc4 Ra1 52. Rc2 h5 53. e5
Re1 54. Bd5 Rb8 55. e6 g5 56. Kd2 Rf1 57. Ke3 Kf6 58. Nd2 Re1+ 59. Kf3 g4+ 60.
Kf4 Rb4+ 61. Ne4+ Rbxe4+ 62. Bxe4 Kxe6 63. Rxc5 Rf1+ 64. Kg3 Re1 65. Bg6 Re3+
66. Kg2 Re5 67. Rc3 Ke7 1/2-1/2

[Event "Toronto op"]
[Site "Toronto CAN"]
[Date "2023.09.04"]
[Round "5"]
[White "Li, William"]
[Black "Chen, Max"]
[Result "0-1"]
[WhiteElo "2130"]
[BlackElo "2176"]
[PlyCount "40"]
[EventDate "2023.09.02"]
[EventType "swiss"]
[EventRounds "6"]
[EventCountry "CAN"]

1. d4 Nf6 2. c4 e6 3. Nc3 Bb4 4. e3 b6 5. Bd3 Bb7 6. Nf3 O-O 7. O-O Bxc3 8.
bxc3 c5 9. Rb1 d6 10. a4 Nc6 11. d5 Na5 12. e4 Nd7 13. e5 dxe5 14. dxe6 e4 15.
exd7 Qxd7 16. Bxe4 Qd6 17. Qd2 Qxd2 18. Bxh7+ Kxh7 19. Rd1 Kg6 20. h4 Nxc4 0-1

[Event "Toronto op"]
[Site "Toronto CAN"]
[Date "2023.09.04"]
[Round "5"]
[White "Sambuev, Bator"]
[Black "Calugar, Arthur"]
[Result "1-0"]
[WhiteElo "2480"]
[BlackElo "2263"]
[PlyCount "109"]
[EventDate "2023.09.02"]
[EventType "swiss"]
[EventRounds "6"]
[EventCountry "CAN"]

1. d4 Nf6 2. c4 g6 3. Nc3 d5 4. cxd5 Nxd5 5. e4 Nxc3 6. bxc3 Bg7 7. Bc4 c5 8.
Ne2 O-O 9. Be3 Nc6 10. h4 cxd4 11. cxd4 Qa5+ 12. Kf1 e5 13. d5 Nd4 14. Bd2 Qc5
15. Rc1 f5 16. h5 g5 17. Bxg5 Kh8 18. h6 Bf6 19. Bxf6+ Rxf6 20. Nxd4 fxe4 21.
Qh5 exd4 22. Qe5 Qd6 23. Qxd4 Bf5 24. Rh5 Bg6 25. Re5 Raf8 26. Re6 Qf4 27. Rd1
Qxf2+ 28. Qxf2 Rxf2+ 29. Kg1 Rc2 30. Bb3 Re2 31. Rf1 Rg8 32. Rf2 Re1+ 33. Kh2
e3 34. Rf3 e2 35. Rfe3 Bf7 36. Rxe2 Rf1 37. Rd6 b5 38. Ra6 Rf5 39. Rd2 Rd8 40.
g4 Rf3 41. Kg2 Rf4 42. Kg3 Rf1 43. Rxa7 Rd6 44. Ra8+ Bg8 45. Rf2 Rg1+ 46. Rg2
Rf1 47. g5 b4 48. Ra7 Rg6 49. Kg4 Rb6 50. Rg3 Rf8 51. Rf3 Rd8 52. Rf6 Rb5 53.
d6 Ra8 54. Bxg8 Rxg8 55. g6 1-0

[Event "Toronto op"]
[Site "Toronto CAN"]
[Date "2023.09.04"]
[Round "6"]
[White "Calugar, Arthur"]
[Black "Barron, Michael"]
[Result "1-0"]
[WhiteElo "2263"]
[BlackElo "2108"]
[PlyCount "37"]
[EventDate "2023.09.02"]
[EventType "swiss"]
[EventRounds "6"]
[EventCountry "CAN"]

1. e4 e5 2. Nf3 Nc6 3. Bc4 Bc5 4. O-O Nf6 5. d3 d6 6. c3 a5 7. a4 h6 8. Nbd2
O-O 9. h3 g5 10. Nb3 Bb6 11. Nxg5 hxg5 12. Bxg5 Kg7 13. Kh1 Qe8 14. f4 Ng4 15.
f5 Nf6 16. Qd2 Rh8 17. Bh4 Rh6 18. Bxf6+ Rxf6 19. Qg5+ 1-0

[Event "Toronto op"]
[Site "Toronto CAN"]
[Date "2023.09.04"]
[Round "6"]
[White "Chen, Max"]
[Black "Jaferian, Koosha"]
[Result "1-0"]
[WhiteElo "2176"]
[BlackElo "2231"]
[PlyCount "55"]
[EventDate "2023.09.02"]
[EventType "swiss"]
[EventRounds "6"]
[EventCountry "CAN"]

1. Nf3 d5 2. b3 Nf6 3. Bb2 Bf5 4. g3 h6 5. Bg2 e6 6. d3 Be7 7. O-O a5 8. c4 c6
9. Nbd2 a4 10. bxa4 Qa5 11. cxd5 exd5 12. e4 dxe4 13. dxe4 Be6 14. e5 Nd5 15.
Nd4 O-O 16. Nxe6 fxe6 17. Be4 Nc3 18. Bxc3 Qxc3 19. Qg4 Qxe5 20. Rae1 Qf6 21.
Bc2 Bc5 22. Rxe6 Qc3 23. Bb3 Kh8 24. Ne4 Qb4 25. Qh5 Bxf2+ 26. Rxf2 Qe1+ 27.
Kg2 Rxf2+ 28. Nxf2 1-0

[Event "Toronto op"]
[Site "Toronto CAN"]
[Date "2023.09.04"]
[Round "6"]
[White "Rusonik, Max"]
[Black "Kang, Dorian"]
[Result "1/2-1/2"]
[WhiteElo "2232"]
[BlackElo "2059"]
[PlyCount "82"]
[EventDate "2023.09.02"]
[EventType "swiss"]
[EventRounds "6"]
[EventCountry "CAN"]

1. e4 c5 2. Nf3 Nc6 3. d4 cxd4 4. Nxd4 g6 5. c4 Bg7 6. Be3 Nf6 7. Nc3 d6 8. Be2
O-O 9. O-O Bd7 10. h3 Nxd4 11. Bxd4 Bc6 12. Qc2 a5 13. Rad1 Nd7 14. Bxg7 Kxg7
15. Bg4 Nc5 16. e5 f5 17. Be2 e6 18. f4 Qb6 19. exd6 Rad8 20. Kh2 Rd7 21. a3 a4
22. Bf3 Bxf3 23. Rxf3 Rxd6 24. Nxa4 Nxa4 25. Rxd6 Qxd6 26. Qxa4 e5 27. Qb4 Qxb4
28. axb4 exf4 29. Rxf4 Rd8 30. Rf2 Kf6 31. Rc2 Rd3 32. Rc3 Rd2 33. b3 Ke6 34.
c5 Kd7 35. b5 g5 36. Kg3 h5 37. Kf3 h4 38. Re3 Rd4 39. Re5 g4+ 40. Ke3 gxh3 41.
gxh3 Rb4 1/2-1/2

[Event "Toronto op"]
[Site "Toronto CAN"]
[Date "2023.09.04"]
[Round "6"]
[White "Yang, Lefan"]
[Black "Singh, Mahip"]
[Result "1-0"]
[WhiteElo "1879"]
[BlackElo "1850"]
[PlyCount "89"]
[EventDate "2023.09.02"]
[EventType "swiss"]
[EventRounds "6"]
[EventCountry "CAN"]

1. d4 d5 2. c4 e6 3. Nc3 a6 4. cxd5 exd5 5. Nf3 Nf6 6. Bg5 Be6 7. Qb3 b5 8.
Bxf6 Qxf6 9. a4 b4 10. Nxd5 Qd8 11. e4 c6 12. Qe3 cxd5 13. exd5 Qxd5 14. Rc1
Be7 15. Bc4 Qd6 16. Qe4 Bxc4 17. Rxc4 Qe6 18. Ne5 O-O 19. Qxa8 f6 20. Qe4 fxe5
21. dxe5 Nd7 22. f4 Nc5 23. Qc2 Qd5 24. O-O b3 25. Rd1 Qb7 26. Qd2 Ne6 27. Qe3
Rd8 28. Rxd8+ Bxd8 29. Qe4 Qd7 30. h3 g6 31. Kh2 Bc7 32. Rc6 Kg7 33. Qc4 Kf7
34. Rxe6 Qxe6 35. Qxc7+ Kg8 36. Qd8+ Kf7 37. Qc7+ Ke8 38. Qxh7 Qf5 39. Qh8+ Kd7
40. Qf6 Qe4 41. Qd6+ Ke8 42. e6 Qxa4 43. Qc7 Qd4 44. Qf7+ Kd8 45. e7+ 1-0

[Event "Toronto-ch"]
[Site "Toronto CAN"]
[Date "2023.04.17"]
[Round "1.1"]
[White "Barron, Michael"]
[Black "Munro, Allan"]
[Result "1-0"]
[WhiteElo "2244"]
[BlackElo "2131"]
[PlyCount "64"]
[EventDate "2023.04.17"]
[EventType "tourn"]
[EventRounds "9"]
[EventCountry "CAN"]

1. e4 e5 2. Nf3 Nc6 3. Bb5 a6 4. Ba4 Nf6 5. O-O Be7 6. Re1 b5 7. Bb3 O-O 8. d4
Nxd4 9. Bxf7+ Rxf7 10. Nxe5 Rf8 11. Qxd4 Bb7 12. Nc3 d6 13. Nf3 Qe8 14. a4 Qh5
15. axb5 axb5 16. Rxa8 Bxa8 17. Bg5 h6 18. Bxf6 Bxf6 19. Qd3 b4 20. Qc4+ Kh8
21. Qxb4 Qg6 22. Re3 Re8 23. Kf1 c5 24. Qa4 Bxc3 25. bxc3 Bb7 26. Nh4 Qh5 27.
g4 Qf7 28. Nf5 Ra8 29. Qb3 Ba6+ 30. Kg2 Qg6 31. Rg3 Re8 32. Qd5 Bc8 1-0

[Event "Toronto-ch"]
[Site "Toronto CAN"]
[Date "2023.04.17"]
[Round "1.2"]
[White "Malakhovets, Sergey"]
[Black "Gandolfi, Fred"]
[Result "1-0"]
[WhiteElo "2185"]
[BlackElo "2089"]
[PlyCount "37"]
[EventDate "2023.04.17"]
[EventType "tourn"]
[EventRounds "9"]
[EventCountry "CAN"]

1. d4 d5 2. Nf3 Nf6 3. Bf4 c5 4. e3 e6 5. Nbd2 Nc6 6. c3 Bd6 7. Bg3 O-O 8. Bd3
b6 9. e4 dxe4 10. Nxe4 Nxe4 11. Bxe4 Bb7 12. dxc5 Bxc5 13. Qa4 Qe8 14. Bxh7+
Kh8 15. Qh4 Be7 16. Qh5 g5 17. Bc2+ Kg7 18. Qh7+ Kf6 19. Qh6# 1-0

[Event "Toronto-ch"]
[Site "Toronto CAN"]
[Date "2023.04.17"]
[Round "1.3"]
[White "Nazareno, Merlin"]
[Black "Mohan, Abhinandan"]
[Result "1/2-1/2"]
[WhiteElo "2056"]
[BlackElo "2075"]
[PlyCount "98"]
[EventDate "2023.04.17"]
[EventType "tourn"]
[EventRounds "9"]
[EventCountry "CAN"]

1. d4 Nf6 2. Nc3 d5 3. e4 Nxe4 4. Nxe4 dxe4 5. Be3 Nd7 6. Bc4 Nf6 7. Ne2 e6 8.
Qd2 Be7 9. a3 O-O 10. Ng3 b6 11. O-O-O Bb7 12. Qe2 h6 13. Kb1 a6 14. Bb3 b5 15.
h4 Qc8 16. Nh5 c5 17. dxc5 Rd8 18. Nxf6+ Bxf6 19. g4 Rxd1+ 20. Qxd1 Qd8 21. g5
hxg5 22. hxg5 Qxd1+ 23. Rxd1 Rd8 24. Rg1 Be5 25. g6 a5 26. c4 Bc6 27. gxf7+
Kxf7 28. cxb5 Bxb5 29. Bc2 Bd3 30. Bxd3 exd3 31. b4 axb4 32. f4 Bc3 33. c6 bxa3
34. c7 Rc8 35. Bb6 Ke7 36. Ka2 Bb2 37. Rd1 Kd7 38. Rxd3+ Kc6 39. Ba5 Kb7 40.
Rb3+ Kc6 41. Rb6+ Kd7 42. Rb3 Kc6 43. Re3 Rxc7 44. Bxc7 Kxc7 45. Kb3 Kc6 46.
Rd3 Kc5 47. Rd8 Kc6 48. Rd2 Kc7 49. Rd3 Kb7 1/2-1/2

[Event "Toronto-ch"]
[Site "Toronto CAN"]
[Date "2023.04.17"]
[Round "1.4"]
[White "Haji Ghanbari, Nader"]
[Black "Siddeley, Hugh"]
[Result "1-0"]
[WhiteElo "2130"]
[BlackElo "2071"]
[PlyCount "46"]
[EventDate "2023.04.17"]
[EventType "tourn"]
[EventRounds "9"]
[EventCountry "CAN"]

1. c4 Nf6 2. Nc3 e6 3. e4 d5 4. e5 d4 5. exf6 dxc3 6. bxc3 Qxf6 7. d4 e5 8. Nf3
exd4 9. Bg5 Qe6+ 10. Be2 Bd6 11. cxd4 O-O 12. O-O b6 13. Qc2 c6 14. Bd3 h6 15.
Rae1 Qd7 16. c5 bxc5 17. dxc5 hxg5 18. cxd6 Qxd6 19. Nxg5 g6 20. Qc4 Kg7 21.
Qh4 Rh8 22. Qxh8+ Kxh8 23. Nxf7+ Kg7 1-0

[Event "Toronto-ch"]
[Site "Toronto CAN"]
[Date "2023.04.17"]
[Round "1.5"]
[White "Huh, Isaak"]
[Black "Bao, Tony Bohan"]
[Result "1-0"]
[WhiteElo "2092"]
[BlackElo "2103"]
[PlyCount "69"]
[EventDate "2023.04.17"]
[EventType "tourn"]
[EventRounds "9"]
[EventCountry "CAN"]

1. e4 c5 2. Nf3 d6 3. d4 cxd4 4. Nxd4 Nf6 5. Nc3 a6 6. Bg5 e6 7. f4 Be7 8. Qf3
Qc7 9. O-O-O Nbd7 10. g4 h6 11. Bxf6 Bxf6 12. h4 Nb6 13. Be2 Bd7 14. g5 Be7 15.
Rhg1 hxg5 16. hxg5 g6 17. f5 gxf5 18. exf5 e5 19. f6 exd4 20. fxe7 Rh3 21. Qf6
Be6 22. Qxd4 Qc5 23. Qg7 Kxe7 24. Bg4 Rxc3 25. Qf6+ Ke8 26. Qxc3 Qxg5+ 27. Kb1
Nd5 28. Qh8+ Ke7 29. Qxa8 Nc3+ 30. bxc3 Bxa2+ 31. Kxa2 Qa5+ 32. Kb2 Qb6+ 33.
Kc1 Qe3+ 34. Rd2 Qxg1+ 35. Bd1 1-0